| 000 | 00696nam a22001937a 4500 | ||
|---|---|---|---|
| 005 | 20240923112933.0 | ||
| 010 | _aENG-132143 | ||
| 020 |
_a9789382829577 _c262.00 |
||
| 035 | _aEN-115673 | ||
| 037 | _bDBAD | ||
| 082 | _a513 | ||
| 100 |
_aReddy, M. Purushotham _971834 |
||
| 245 |
_aArIthmetic-I/ _cBy M. Purushotham Reddy |
||
| 260 |
_aHyderabad _bSpectrum Publications _c2021 |
||
| 270 |
_a#326/C, IIIrd floor, Surneni Nilayam near B.K Guda Park, S.R Nagar _bHyderabad _e500038 _mstudentshelpline.in@gmail.com _k91-4023710657 _l91-4023810657 |
||
| 300 |
_aiv,v.p _c24cm(pbk) |
||
| 500 | _aFor all Competitive Examinations and Campus Placement | ||
| 942 |
_2ddc _cEN _h513 _mRED |
||
| 999 |
_c186870 _d186870 |
||